000 00242nam a2200097Ia 4500
001 1104283
005 20250827003356.0
008 250824s9999 xx 000 0 und d
245 0 _aİKİSİ
_cİSMAİL KILIÇARSLAN
260 _bKETEBE YAYINLARI
999 _c1104283
_d1104283